| 000 | 01417cam a2200229 4500 | ||
|---|---|---|---|
| 001 | L136892 | ||
| 008 | 070228n2007 000 0 eng u | ||
| 020 | _a0750489618 | ||
| 035 | _a(Sirsi) u136892 | ||
| 041 | 0 | _aeng | |
| 050 | _a696.9 $2 18 | ||
| 110 | 2 |
_aWales _bWelsh Assembly Government |
|
| 245 | 0 | 0 |
_aResponding to our changing climate _bconsultation on a climate change adaptation action plan for Wales _h[electronic resource] |
| 260 |
_aCardiff _bWAG _c2007 |
||
| 505 | 2 | _aDealing with climate change impacts - this consultation -- What is climate change and what impact will it have on us? -- The role of the Climate Change Adaptation Action Plan -- Climate change impacts -- What are the key issues for each sector? -- Responding to climate change impacts -- Measuring success. | |
| 520 | _aSets out what impact climate change will have on Wales and begins to identify the key actions required in response. Under three broad themes, outlines the impacts that we can expect as a result of climate change, which sectors they will effect and what is being done about them already. | ||
| 590 | _aKA | ||
| 651 | 4 |
_aWales _y1998-2007 |
|
| 690 | _aENVIRONMENTAL AND LAND CONSULTANCY-ENVIRONMENTAL MANAGEMENT-ENVIRONMENTAL CONSERVATION | ||
| 856 |
_uhttps://new.wales.gov.uk/consultation/662235/1502-270407climatechange?lang=en _zView the report free of charge at http://new.wales.gov.uk... |
||
| 942 | _n0 | ||
| 999 |
_c106530 _d106530 |
||